Der Neuburger Landbauzeichner und Zeichenlehrer Franz Vogel (1774 - 1839) und seine Veduten aus der Provinz Neuburg für das "Neuburger Taschenbuch"

Titel: Der Neuburger Landbauzeichner und Zeichenlehrer Franz Vogel (1774 - 1839) und seine Veduten aus der Provinz Neuburg für das "Neuburger Taschenbuch" : gleichzeitig ein Beitrag zu einem Lebensbild einer kgl.-bayer. Beamtenfamilie
Verfasser:
In: Historischer Verein Eichstätt: Sammelblatt, Band 92/93 (1999), Seite 417-447
alle Artikel anzeigen
Veröffentlicht: 1999/2000
Format: Aufsatz
Kein Bild verfügbar
X
alg: 44192151
001A    $03036:30-01-19 
001B    $01999:30-01-19 $t23:07:21.000 
001D    $03036:30-01-19 
001U    $0utf8 
001X    $00 
002@    $0Aox    
003@    $0441921515 
007A    $0441921515 $aHEB 
007T    $0ArchMa08319 
011@    $a1999 $b2000 $n1999/2000 
021A    $aDer @Neuburger Landbauzeichner und Zeichenlehrer Franz Vogel (1774 - 1839) und seine Veduten aus der Provinz Neuburg für das "Neuburger Taschenbuch" $dgleichzeitig ein Beitrag zu einem Lebensbild einer kgl.-bayer. Beamtenfamilie 
028A    $aSeitz $dReinhard H. 
031A    $d92/93 $h417-447 $j1999 
039B    $aIn $8--Abvc--Historischer Verein Eichstätt [Tb1]. Sammelblatt. - Eichstätt : Historischer Verein, 1887-. - ISSN 0936-5869 $x199900000920000583 $9047299940 
045T    $a8,1 

lok: 44192151 105

exp: 44192151 105 1 #EPN
201B/01 $030-01-19 $t13:39:24.000 
201C/01 $030-01-19 
201U/01 $0utf8 
203@/01 $01042278415 
208@/01 $a13-12-18 $be 
209A/01 $a/ $f106 $x00 
245Z/01 $a3.07.02. $bArchivwesen des Bundes- und der deutschen Bundesländer / Bayern / Archive und Archivbestände $x01 
247C/01 $8->Marburg, Bibliographie zum Archivwesen der Archivschule Marburg $939588196X
LEADER 00000caa a22000002c 4500
001 441921515
003 DE-603
005 20190130230721.0
007 tu
008 190130s19992000xx |||| | u00||u|und c
035 |a (DE-599)HEB441921515 
040 |a DE-603  |b ger  |c DE-603  |d DE-603 
084 |a 8,1  |2 ssgn 
100 1 |a Seitz, Reinhard H. 
245 0 0 |a ˜Derœ Neuburger Landbauzeichner und Zeichenlehrer Franz Vogel (1774 - 1839) und seine Veduten aus der Provinz Neuburg für das "Neuburger Taschenbuch"  |b gleichzeitig ein Beitrag zu einem Lebensbild einer kgl.-bayer. Beamtenfamilie 
264 0 |c 1999/2000 
773 0 8 |i In  |a Historischer Verein Eichstätt  |t Sammelblatt  |d Eichstätt : Historischer Verein, 1887-  |x 0936-5869  |g Band 92/93 (1999), Seite 417-447  |w (DE-603)047299940  |w (DE-600)207998-7 
924 0 |9 -  |a (DE-603)1042278415  |b DE-  |c HES  |d d  |g /